<?xml version="1.0" encoding="UTF-8"?>
<record
    xmlns:xsi="http://www.w3.org/2001/XMLSchema-instance"
    xsi:schemaLocation="http://www.loc.gov/MARC21/slim http://www.loc.gov/standards/marcxml/schema/MARC21slim.xsd"
    xmlns="http://www.loc.gov/MARC21/slim">

  <leader>04404nam a2200289 a 4500</leader>
  <controlfield tag="001">000000237</controlfield>
  <controlfield tag="003">DO-SdBNP</controlfield>
  <controlfield tag="005">20211116122924.0</controlfield>
  <controlfield tag="008">081028s2007    dr ac         001 0 spa d</controlfield>
  <datafield tag="020" ind1=" " ind2=" ">
    <subfield code="a">9789945161618</subfield>
  </datafield>
  <datafield tag="020" ind1=" " ind2=" ">
    <subfield code="a">994516161X</subfield>
  </datafield>
  <datafield tag="040" ind1=" " ind2=" ">
    <subfield code="a">DO-SdBNP</subfield>
    <subfield code="b">spa</subfield>
    <subfield code="c">BNPHU</subfield>
  </datafield>
  <datafield tag="082" ind1=" " ind2="4">
    <subfield code="a">972.9324</subfield>
    <subfield code="b">R639e, 2007</subfield>
    <subfield code="2">22</subfield>
  </datafield>
  <datafield tag="100" ind1="1" ind2=" ">
    <subfield code="a">Robert, Jos&#xE9; A.,</subfield>
    <subfield code="d">1891-1966</subfield>
    <subfield code="9">781</subfield>
  </datafield>
  <datafield tag="245" ind1="1" ind2="3">
    <subfield code="a">La evoluci&#xF3;n hist&#xF3;rica de Barahona /</subfield>
    <subfield code="c">Jos&#xE9; A. Robert.</subfield>
  </datafield>
  <datafield tag="250" ind1=" " ind2=" ">
    <subfield code="a">2a. ed.</subfield>
  </datafield>
  <datafield tag="260" ind1=" " ind2=" ">
    <subfield code="a">Santo Domingo :</subfield>
    <subfield code="b">Alianza Barahonera,</subfield>
    <subfield code="c">2007.</subfield>
  </datafield>
  <datafield tag="300" ind1=" " ind2=" ">
    <subfield code="a">346 p. :</subfield>
    <subfield code="b">il., retrs. ;</subfield>
    <subfield code="c">23 cm.</subfield>
  </datafield>
  <datafield tag="505" ind1="0" ind2=" ">
    <subfield code="t">Liminar --</subfield>
    <subfield code="t">Introducci&#xF3;n --</subfield>
    <subfield code="t">Pr&#xF3;logo --</subfield>
    <subfield code="t">Informe sobre el libro la evoluci&#xF3;n hist&#xF3;rica de Barahona --</subfield>
    <subfield code="t">Historia primitiva --</subfield>
    <subfield code="t">Per&#xED;odos del descubrimiento y de la conquista --</subfield>
    <subfield code="t">Bobadilla se hace cargo del gobierno --</subfield>
    <subfield code="t">Relevo de Bobadilla --</subfield>
    <subfield code="t">La colonizaci&#xF3;n --</subfield>
    <subfield code="t">Gobierno de don Diego Col&#xF3;n --</subfield>
    <subfield code="t">Reemplazo de don Diego Col&#xF3;n --</subfield>
    <subfield code="t">Gobierno de Luis de Figueroa --</subfield>
    <subfield code="t">Don Diego de nuevo en el gobierno --</subfield>
    <subfield code="t">Gobierno de Fuenleal -- Historia Colonial --</subfield>
    <subfield code="t">Primera era de Espa&#xF1;a --</subfield>
    <subfield code="t">Gobiernos de Jos&#xE9; Solano y Bote y del Mariscal Azlor y Urries --</subfield>
    <subfield code="t">Gobierno de don Joaqu&#xED;n Garc&#xED;a --</subfield>
    <subfield code="t">Era de Francia o Francesa --</subfield>
    <subfield code="t">Sucesos durante la reconquista --</subfield>
    <subfield code="t">La Espa&#xF1;a Boba --</subfield>
    <subfield code="t">Gobierno del Lic. N&#xFA;&#xF1;ez de C&#xE1;ceres --</subfield>
    <subfield code="t">De la dominaci&#xF3;n haitiana --</subfield>
    <subfield code="t">Gestiones del presidente Boyer --</subfield>
    <subfield code="t">Per&#xED;odo de la Independencia --</subfield>
    <subfield code="t">Actuaci&#xF3;n de la Junta Central Gubernativa --</subfield>
    <subfield code="t">Primera administraci&#xF3;n del gral. Pedro Santana --</subfield>
    <subfield code="t">Inicio de la primera administraci&#xF3;n de Buenaventura B&#xE1;ez --</subfield>
    <subfield code="t">Segunda administraci&#xF3;n de Santana --</subfield>
    <subfield code="t">Segunda administraci&#xF3;n de B&#xE1;ez --</subfield>
    <subfield code="t">&#xDA;ltimo gobierno del general Santana --</subfield>
    <subfield code="t">De la Restauraci&#xF3;n --</subfield>
    <subfield code="t">La anexi&#xF3;n --</subfield>
    <subfield code="t">De la Segunda rep&#xFA;blica --</subfield>
    <subfield code="t">Gobierno del protectorado --</subfield>
    <subfield code="t">Tercera administraci&#xF3;n de B&#xE1;ez --</subfield>
    <subfield code="t">Los dos gobiernos de Cabral --</subfield>
    <subfield code="t">Cuarta presidencia de B&#xE1;ez. El asfixiante per&#xED;odo de los seis a&#xF1;os --</subfield>
    <subfield code="t">Gobierno de Ignacio Mar&#xED;a Gonz&#xE1;lez --</subfield>
    <subfield code="t">Gobierno del general Ulises F. Espaillat --</subfield>
    <subfield code="t">Gobierno del padre Meri&#xF1;o --</subfield>
    <subfield code="t">Presidencia de Ulises Heureaux --</subfield>
    <subfield code="t">Presidencia del general Ces&#xE1;reo Guillermo --</subfield>
    <subfield code="t">Gobierno de Alejandro Woss y Gil --</subfield>
    <subfield code="t">Larga administraci&#xF3;n de Ulises Hereaux --</subfield>
    <subfield code="t">Gobierno de don Juan Isidro Jimenes --</subfield>
    <subfield code="t">Gobierno provisional de Horacio V&#xE1;squez --</subfield>
    <subfield code="t">Gobiernos de Woss y Gil y de Morales --</subfield>
    <subfield code="t">Interinidad de Ram&#xF3;n C&#xE1;ceres</subfield>
    <subfield code="t">Gobierno constitucional de Ram&#xF3;n C&#xE1;ceres --</subfield>
    <subfield code="t">Administraci&#xF3;n de Eladio Victoria --</subfield>
  </datafield>
  <datafield tag="505" ind1="0" ind2=" ">
    <subfield code="t">Gobierno de Monse&#xF1;or Nouel --</subfield>
    <subfield code="t">Administraci&#xF3;n de Jos&#xE9; Bordas Valdez --</subfield>
    <subfield code="t">Gobierno de Dr. Ram&#xF3;n B&#xE1;ez --</subfield>
    <subfield code="t">Nueva administraci&#xF3;n de Jimenes --</subfield>
    <subfield code="t">Gobierno del Dr. Henr&#xED;quez y Carvajal --</subfield>
    <subfield code="t">De la ocupaci&#xF3;n americana --</subfield>
    <subfield code="t">Funcionamiento de un gobierno militar --</subfield>
    <subfield code="t">De la tercera rep&#xFA;blica --</subfield>
    <subfield code="t">Gobierno de don Juan Bautista Vicini Burgos --</subfield>
    <subfield code="t">Nueva administraci&#xF3;n de Horacio V&#xE1;squez --</subfield>
    <subfield code="t">Gobierno interino del Lic. Rafael Estrella Ure&#xF1;a --</subfield>
    <subfield code="t">De la era de Trujillo --</subfield>
    <subfield code="t">Primera administraci&#xF3;n de Rafael Leonidas Trujillo M. --</subfield>
    <subfield code="t">Reelecci&#xF3;n de Trujillo --</subfield>
    <subfield code="t">Gobierno del Lic. Jacinto B. Peynado --</subfield>
    <subfield code="t">Asume la presidencia el Dr. Manuel de Jes&#xFA;s Troncoso de la Concha --</subfield>
    <subfield code="t">Gobierno provisional de Trujillo --</subfield>
    <subfield code="t">Nuevo gobierno constitucional de Trujillo --</subfield>
    <subfield code="t">Presidencia del general H&#xE9;ctor B. Trujillo Molina --</subfield>
    <subfield code="t">Formaci&#xF3;n - situaci&#xF3;n - l&#xED;mites y extensi&#xF3;n de la provincia --</subfield>
    <subfield code="t">Divisi&#xF3;n - l&#xED;mites y demarcaciones de comunes y secciones --</subfield>
    <subfield code="t">Cordilleras - monta&#xF1;as y lomas --</subfield>
    <subfield code="t">Islas - islotes - cayos - bajos - arrecifes y playas -- Cabos y puntas --</subfield>
    <subfield code="t">Valles - sabanas y cavernas --</subfield>
    <subfield code="t">Minerales --</subfield>
    <subfield code="t">Hidrograf&#xED;a : r&#xED;os - arroyos - saltos - manantiales, canales de regad&#xED;o y aguas minerales --</subfield>
    <subfield code="t">Bah&#xED;as - puertos - ensenadas - fondeaderos, canales mar&#xED;timos y estrechos --</subfield>
    <subfield code="t">Lagos, lagunas y albuferas --</subfield>
    <subfield code="t">Corrientes - vientos - clima y enfermedades --</subfield>
    <subfield code="t">Poblaci&#xF3;n - costumbres y religi&#xF3;n --</subfield>
    <subfield code="t">Fauna : animales ind&#xED;genas y animales ex&#xF3;ticos --</subfield>
    <subfield code="t">Agricultura - pecuaria - apicultura, industria y comercio --</subfield>
    <subfield code="t">Progreso intelectual y cultural, ciudades y pueblos importantes --</subfield>
    <subfield code="t">Obras y personas consultadas.</subfield>
  </datafield>
  <datafield tag="650" ind1=" " ind2="4">
    <subfield code="a">Barahona (Rep&#xFA;blica Dominicana)</subfield>
    <subfield code="x">Geograf&#xED;a</subfield>
    <subfield code="9">783</subfield>
  </datafield>
  <datafield tag="650" ind1=" " ind2="4">
    <subfield code="a">Ciudades y pueblos</subfield>
    <subfield code="z">Rep&#xFA;blica Dominicana</subfield>
    <subfield code="9">784</subfield>
  </datafield>
  <datafield tag="651" ind1=" " ind2="4">
    <subfield code="a">Barahona (Rep&#xFA;blica Dominicana)</subfield>
    <subfield code="x">Historia local</subfield>
    <subfield code="9">231</subfield>
  </datafield>
  <datafield tag="651" ind1=" " ind2="4">
    <subfield code="a">Barahona (Rep&#xFA;blica Dominicana)</subfield>
    <subfield code="x">Vida social y costumbres</subfield>
    <subfield code="9">782</subfield>
  </datafield>
  <datafield tag="910" ind1=" " ind2=" ">
    <subfield code="a">Validado. Control de calidad MFF</subfield>
  </datafield>
  <datafield tag="942" ind1=" " ind2=" ">
    <subfield code="2">ddc</subfield>
    <subfield code="c">LBS1</subfield>
  </datafield>
  <datafield tag="952" ind1=" " ind2=" ">
    <subfield code="0">0</subfield>
    <subfield code="1">0</subfield>
    <subfield code="7">5</subfield>
    <subfield code="8">DS</subfield>
    <subfield code="a">BNPHU</subfield>
    <subfield code="b">BNPHU</subfield>
    <subfield code="c">OI</subfield>
    <subfield code="d">2014-05-20</subfield>
    <subfield code="i">LF1</subfield>
    <subfield code="l">0</subfield>
    <subfield code="o">972.9324 R639e, 2007</subfield>
    <subfield code="p">237-30</subfield>
    <subfield code="r">2020-06-25</subfield>
    <subfield code="w">2020-06-25</subfield>
    <subfield code="y">LF1</subfield>
    <subfield code="Z">No se presta</subfield>
  </datafield>
  <datafield tag="952" ind1=" " ind2=" ">
    <subfield code="0">0</subfield>
    <subfield code="1">0</subfield>
    <subfield code="7">1</subfield>
    <subfield code="8">PD</subfield>
    <subfield code="a">BNPHU</subfield>
    <subfield code="b">BNPHU</subfield>
    <subfield code="c">HD</subfield>
    <subfield code="d">2009-06-23</subfield>
    <subfield code="e">001374</subfield>
    <subfield code="i">LF1</subfield>
    <subfield code="l">0</subfield>
    <subfield code="o">972.9324 R639e, 2007</subfield>
    <subfield code="p">237-10</subfield>
    <subfield code="r">2020-06-25</subfield>
    <subfield code="w">2020-06-25</subfield>
    <subfield code="y">1</subfield>
    <subfield code="Z">No se presta</subfield>
  </datafield>
  <datafield tag="952" ind1=" " ind2=" ">
    <subfield code="0">0</subfield>
    <subfield code="1">0</subfield>
    <subfield code="7">1</subfield>
    <subfield code="8">PD</subfield>
    <subfield code="a">BNPHU</subfield>
    <subfield code="b">BNPHU</subfield>
    <subfield code="c">HD</subfield>
    <subfield code="d">2009-06-23</subfield>
    <subfield code="e">001375</subfield>
    <subfield code="i">LF1</subfield>
    <subfield code="l">0</subfield>
    <subfield code="o">972.9324 R639e, 2007</subfield>
    <subfield code="p">237-20</subfield>
    <subfield code="r">2020-06-25</subfield>
    <subfield code="t">e. 2</subfield>
    <subfield code="w">2020-06-25</subfield>
    <subfield code="y">1</subfield>
    <subfield code="Z">No se presta</subfield>
  </datafield>
  <datafield tag="999" ind1=" " ind2=" ">
    <subfield code="c">237</subfield>
    <subfield code="d">237</subfield>
  </datafield>
</record>
